Kabale University Library Catalogue

Islamic family law in a Changing World: (Record no. 5984)

MARC details
000 -LEADER
fixed length control field 00860cam a2200241 a 4500
005 - DATE AND TIME OF LATEST TRANSACTION
control field 20260204103259.0
008 - FIXED-LENGTH DATA ELEMENTS--GENERAL INFORMATION
fixed length control field 100915s2010 enk b 001 0 eng
020 ## - INTERNATIONAL STANDARD BOOK NUMBER
International Standard Book Number 9781842770931
040 ## - CATALOGING SOURCE
Original cataloging agency KABLIB
Transcribing agency KABLIB
Description conventions rda
042 ## - AUTHENTICATION CODE
Authentication code ukblcatcopy
-- lccopycat
082 04 - DEWEY DECIMAL CLASSIFICATION NUMBER
Classification number 346.167
Edition number 23
Item number ISL
245 10 - TITLE STATEMENT
Title Islamic family law in a Changing World:
Statement of responsibility, etc. Raffia Arshad.
Remainder of title a global rsource book /
260 ## - PUBLICATION, DISTRIBUTION, ETC.
Place of publication, distribution, etc. London :
Name of publisher, distributor, etc. Zed Books Ltd,
Date of publication, distribution, etc. c2002
300 ## - PHYSICAL DESCRIPTION
Extent xvi, 320 p. ;
Dimensions 23 cm.
338 ## - CARRIER TYPE
Carrier type code nc
Source rdacarrier
500 ## - GENERAL NOTE
General note Includes Glossary,
500 ## - GENERAL NOTE
General note Includes Index.
650 #0 - SUBJECT ADDED ENTRY--TOPICAL TERM
Topical term or geographic name entry element Conflict of laws
General subdivision Domestic relations
Geographic subdivision Great Britain.
9 (RLIN) 15100
650 #0 - SUBJECT ADDED ENTRY--TOPICAL TERM
Topical term or geographic name entry element Domestic relations (Islamic law)
Geographic subdivision Great Britain.
9 (RLIN) 15101
650 #0 - SUBJECT ADDED ENTRY--TOPICAL TERM
Topical term or geographic name entry element Muslims
General subdivision Legal status, laws, etc.
Geographic subdivision Great Britain.
9 (RLIN) 15102
906 ## - LOCAL DATA ELEMENT F, LDF (RLIN)
a 7
b cbc
c copycat
d 2
e ncip
f 20
g y-gencatlg
942 ## - ADDED ENTRY ELEMENTS (KOHA)
Source of classification or shelving scheme Dewey Decimal Classification
Koha item type Book
Holdings
Withdrawn status Lost status Source of classification or shelving scheme Damaged status Not for loan Home library Current library Shelving location Date acquired Source of acquisition Total Checkouts Full call number Barcode Date last seen Price effective from Koha item type
    Dewey Decimal Classification     Law section Law section Open Access Section 04.02.2026 Purchased   346.167 ISL 14094 04.02.2026 04.02.2026 Book
    Dewey Decimal Classification     Law section Law section Open Access Section 04.02.2026 Purchased   346.167 ISL 14095 04.02.2026 04.02.2026 Book
    Dewey Decimal Classification     Law section Law section Open Access Section 04.02.2026 Purchased   346.167 ISL 14096 04.02.2026 04.02.2026 Book

Kabale University Library | Kabale University P.O Box 317, Kabale, Uganda
Tel : +256754017033, +256774661503 E-mail : library@kab.ac.ug